Les pnj de Hollow Knight (Avec indice) - Statistiques

Statistiques générales
  • Ce quiz a été pris 239 fois
  • Le résultat moyen est 23 sur 56
Statistiques - réponses
Indice Réponse % Correct
Aime la cartographie Cornifer le cartographe
78%
Maître de la troupe Grimm
78%
Protectrice des ruines d'Hallownest. Le joueur peut la combattre deux fois Hornet
74%
Reine d'Hallownest et mère des vaisseaux Dame blanche
71%
Marchant qui est en fait un combattant hors pair Sly
71%
Transport rapide et est le dernier de son espèce Le dernier coléoptère / Vieux coléoptère
69%
Le plus grand guerrier que la terre est porter (selon lui) Zote le redoutable
68%
Aime la peinture Sheo
66%
Observe la ville en larmes depuis son observatoire Lurien
64%
Vous attend au falaise pour vous apprendre une technique de l'aiguillon Mato
63%
Un des cinq grands chevaliers qui defend l'accès au bosquet Défenseur Bousier / Ogrim
61%
Permet au joueur d'améliorer son aiguillon Fabricant d'aiguillon
60%
Le bosquet d'________ Isma
60%
Vous donne un journal Chasseur
59%
Sont prisonnier de bocal en verre Larve
58%
Sans lui les événements du jeu ne se serait jamais produit Roi pâle
57%
Ancienne reine de la tribu des araignées Herrah la bête
56%
Être supérieur qui habite à Vertchemin. Créateur de la tribu des mousses Unn
53%
Plus grand des 5 chevaliers. Il porte une armure Hegemol / Faux chevalier
51%
Premier PNJ que le joueur rencontre L'ancien
51%
Se cache dans ses archives Monomon
51%
Vous vend des charmes et vous fait un gros bisou Salubra
51%
Vous paye une fortune pour les vielles reliques trouver dans le royaume Lemm
50%
Combattant qui cherche le colisées des fous Tiso
50%
Explorateur optimiste et curieux qui a été rappelé par son mentor Quirrel
44%
Scarabée qui a besoin de secours. Sa maison se trouve a Dirtmouth Bretta
43%
Petite mineure joyeuse qui chante une comptine Myla
43%
Essaie souvent de manger le joueur. Donne des information sur Nid-Profond Sage-Femme
43%
Veux recouvrir de fleur la tombe de sa bien aimé Endeuillée Grise / Ze'mer
42%
Tien une boutique pour vous aider a cartographier Hallownest Iselda
42%
Banquière qui est en fait une voleuse Millibelle
42%
Joueur d'accordéon qui s'oppose au rituel de la troupe Brumm
36%
Permet au joueur de faire face a ses regret. Habite a Dirtmouth Prêtresse Jiji
36%
Vous offre un aiguillon très spécial Voyante
36%
Entité que l'on rencontre en fin de partie. Il nous faut un certain charmes pour le comprendre Monsieur champignon
35%
Le seul Fluke non infectée Fluke ermit
34%
Enseigne les sorts au joueur Shaman escargot
34%
Vend les charmes fragile et crois qu'avec assez d'argent on peut devenir roi Mangepatte
33%
Dévore ses enfants Père-larve
33%
Marchande qui vend les items les plus chères du jeu Divine
28%
Fournit des informations sur les masques et peux changer de visage Faiseur de masques
28%
Demande un paiment pour des connaissances Oro
25%
Originaire de la terre des tempêtes Chercheur de dieux
22%
Fournit des informations sur la carapace abandonnée ainsi que sur l'infection. Se trouve dans les frontières du royaume Bardoon
21%
Réparateur de panneau. Apparait rarement Fixeur
20%
Achete vos oeufs rances seulement dans le mode âme d'acier Jinn
20%
Vous vend des oeufs rances Tuk
18%
Débloque les épreuves du colisées des fous Nigaud
17%
Protectrice de la reine Dryya
16%
Cherche un adversaire digne de se nom Cloth
14%
Être supérieur responsable de la quête de la troupe Cœur des cauchemars
13%
Rejoint Dirtmouth après avoir banni la troupe Nymm
11%
Piegent un banc Villageois Lointains
9%
Pris au piège entre des bulles et des champignons. Pense à manger le joueur Willoh
9%
Prophète de la tribu des mousses Prophète de mousse
8%
Trouve ces fleurs plus jolie qu'une fleur délicate Emilitia
3%
Aucun quiz correspondant
Distribution des résultats
% des personnes avec chaque résultat
Percentile par nombre de réponses
Votre historique - résultats
Vous n’avez pas pris ce quiz